书目信息 |
| 题名: |
公路水下隧道设计规范
|
|
| 作者: | 郭小红 , 廖朝华 主编 ;中交第二公路勘察设计研究院有限公司 主编 | |
| 分册: | ||
| 出版信息: | 北京 人民交通出版社股份有限公司 2022.03 |
|
| 页数: | 211页 | |
| 开本: | 30cm | |
| 丛书名: | ||
| 单 册: | ||
| 中图分类: | U459.2-65 | |
| 科图分类: | ||
| 主题词: | 公路隧道--gong lu sui dao--水下隧道--设计规范--中国 | |
| 电子资源: | ||
| ISBN: | 978-7-114-17889-4 | |
| 000 | 01256nam0 2200265 450 | |
| 001 | 011025154716 | |
| 005 | 20221025154716.0 | |
| 010 | @a978-7-114-17889-4@dCNY120.00 | |
| 100 | @a20201004d2022 em y0chiy0120 ea | |
| 101 | 0 | @achi |
| 102 | @aCN@b110000 | |
| 105 | @ay l 000yy | |
| 106 | @ar | |
| 200 | 1 | @a公路水下隧道设计规范@Agong lu shui xia sui dao she ji gui fan@dSpecifications for design of highway underwater tunnel@f中交第二公路勘察设计研究院有限公司主编@zeng |
| 210 | @a北京@c人民交通出版社股份有限公司@d2022.03 | |
| 215 | @a211页@d30cm | |
| 300 | @a中华人民共和国行业推荐性标准JTG/T3371-2022中华人民共和国交通运输部发布2022-02-25发布2022-06-01实施 | |
| 330 | @a本书共15章,内容包括:总则、术语和符号、勘察与测量、建筑材料、总体设计、结构设计、钻爆隧道、盾构隧道、沉管隧道、堰筑隧道、附属工程、排水系统等。 | |
| 510 | 1 | @aSpecifications for design of highway underwater tunnel@zeng |
| 606 | 0 | @a公路隧道@Agong lu sui dao@x水下隧道@x设计规范@y中国 |
| 690 | @aU459.2-65@v5 | |
| 701 | 0 | @a郭小红@Aguo xiao hong@4主编 |
| 701 | 0 | @a廖朝华@Aliao chao hua@4主编 |
| 711 | 02 | @a中交第二公路勘察设计研究院有限公司@Azhong jiao di er gong lu kan cha she ji yan jiu yuan you xian gong si@4主编 |
| 905 | @a河南城建学院图书馆@dU459.2-65@eZ6781 | |
| 公路水下隧道设计规范=Specifications for design of highway underwater tunnel/中交第二公路勘察设计研究院有限公司主编.-北京:人民交通出版社股份有限公司,2022.03 |
| 211页;30cm |
| 中华人民共和国行业推荐性标准JTG/T3371-2022中华人民共和国交通运输部发布2022-02-25发布2022-06-01实施 |
| ISBN 978-7-114-17889-4:CNY120.00 |
| 本书共15章,内容包括:总则、术语和符号、勘察与测量、建筑材料、总体设计、结构设计、钻爆隧道、盾构隧道、沉管隧道、堰筑隧道、附属工程、排水系统等。 |
| ● |
| 相关链接 |
|
|
|
正题名:公路水下隧道设计规范
索取号:U459.2-65/Z6781
 
预约/预借
| 序号 | 登录号 | 条形码 | 馆藏地/架位号 | 状态 | 备注 |
| 1 | 1591462 | 215914624 | 自科库501/501自科库 85排2列3层/ [索取号:U459.2-65/Z6781] | 在馆 |